50 world's greatest essays / (Record no. 1567)
[ view plain ]
| 000 -LEADER | |
|---|---|
| fixed length control field | 03546nam a22006257a 4500 |
| 001 - CONTROL NUMBER | |
| control field | 1567 |
| 003 - CONTROL NUMBER IDENTIFIER | |
| control field | FISKH |
| 005 - DATE AND TIME OF LATEST TRANSACTION | |
| control field | 20230907104812.0 |
| 008 - FIXED-LENGTH DATA ELEMENTS--GENERAL INFORMATION | |
| fixed length control field | 230907b cb ||||| |||| 00| 0 eng d |
| 020 ## - INTERNATIONAL STANDARD BOOK NUMBER | |
| International Standard Book Number | 9789388144339 |
| 040 ## - CATALOGING SOURCE | |
| Original cataloging agency | FISKH |
| Language of cataloging | eng |
| Transcribing agency | FISKH |
| Modifying agency | FISKH |
| 050 ## - LIBRARY OF CONGRESS CALL NUMBER | |
| Classification number | PN6010-6790 |
| 082 ## - DEWEY DECIMAL CLASSIFICATION NUMBER | |
| Classification number | 808.83 |
| 100 ## - MAIN ENTRY--PERSONAL NAME | |
| Personal name | Montiaigne, Michel de |
| Dates associated with a name | 1533-1592 |
| 245 ## - TITLE STATEMENT | |
| Title | 50 world's greatest essays / |
| 260 ## - PUBLICATION, DISTRIBUTION, ETC. | |
| Place of publication, distribution, etc. | New Delhi : |
| Name of publisher, distributor, etc. | Prakash Books, |
| Date of publication, distribution, etc. | 2022 |
| 300 ## - PHYSICAL DESCRIPTION | |
| Extent | 720 pages : |
| Dimensions | 20 cm |
| 490 ## - SERIES STATEMENT | |
| Materials specified | Fingerprint! Classics |
| 520 ## - SUMMARY, ETC. | |
| Summary, etc. | From self-expression and personal discoveries to revelations and diatribes, essays have been thought-provoking, educating, informing and even entertaining us for more than four hundred years. And the diversity of the subjects this art has covered is boundless loving, hating, self-reliance, prudence, witches, liars and even poetry and writing. The literary canon abounds with innumerable essays. Out of this, we bring to you fifty carefully chosen, remarkable and insightful masterpieces to rekindle your appreciation of this art form, such as The Death of the Moth by Virginia Woolf, Of Liars by Michel de Montaigne, Of Love by Francis Bacon, Silly Novels by Lady Novelists by George Eliot, Friendship by Joseph Addison and many more. An essay is a thing which someone does himself; and the point of the essay is not the subject, . . . but the charm of personality. Arthur Benson, The Art of the Essayist All writers are vain, selfish and lazy and at the very bottom of their motives there lies a mystery. Writing a book is a horrible, exhausting struggle, like a long bout of some painful illness. George Orwell, Why I Write The struggle was over. The insignificant little creature now knew death. As I looked at the dead moth, this minute wayside triumph of so great a force over so mean an antagonist filled me with wonder. Virginia Woolf, The Death of the Moth. - Amazon |
| 650 ## - SUBJECT ADDED ENTRY--TOPICAL TERM | |
| Source of heading or term | Essays |
| 700 ## - ADDED ENTRY--PERSONAL NAME | |
| Personal name | Bacon, Francis |
| Dates associated with a name | 1561-1626. |
| 700 ## - ADDED ENTRY--PERSONAL NAME | |
| Personal name | Defoe, Daniel |
| Dates associated with a name | 1660-1731. |
| 700 ## - ADDED ENTRY--PERSONAL NAME | |
| Personal name | Swift, Jonathan |
| Dates associated with a name | 1667-1745. |
| 700 ## - ADDED ENTRY--PERSONAL NAME | |
| Personal name | Hazlitt, William |
| Dates associated with a name | 1778-1830. |
| 700 ## - ADDED ENTRY--PERSONAL NAME | |
| Personal name | Lamb, Charles |
| Dates associated with a name | 1775-1834. |
| 700 ## - ADDED ENTRY--PERSONAL NAME | |
| Personal name | Mill, John Stuart |
| Dates associated with a name | 1806-1873. |
| 700 ## - ADDED ENTRY--PERSONAL NAME | |
| Personal name | Hunt, Leigh |
| Dates associated with a name | 1784-1859. |
| 700 ## - ADDED ENTRY--PERSONAL NAME | |
| Personal name | Shelley, Bysshe Percy |
| Dates associated with a name | 1792-1822. |
| 700 ## - ADDED ENTRY--PERSONAL NAME | |
| Personal name | Emerson, Ralph Waldo |
| Dates associated with a name | 1803-1882. |
| 700 ## - ADDED ENTRY--PERSONAL NAME | |
| Personal name | Macaulay, Thomas Babington |
| Dates associated with a name | 1800-1859. |
| 700 ## - ADDED ENTRY--PERSONAL NAME | |
| Personal name | Poe, Edgar Allen |
| Dates associated with a name | 1809-1849. |
| 700 ## - ADDED ENTRY--PERSONAL NAME | |
| Personal name | Carlyle, Thomas |
| Dates associated with a name | 1795-1881. |
| 700 ## - ADDED ENTRY--PERSONAL NAME | |
| Personal name | Sainte-Beuve, Charles Augustin |
| Dates associated with a name | 1804-1869. |
| 700 ## - ADDED ENTRY--PERSONAL NAME | |
| Personal name | Eliot, George |
| Dates associated with a name | 1819.1880. |
| 700 ## - ADDED ENTRY--PERSONAL NAME | |
| Personal name | Addison, Joseph |
| Dates associated with a name | 1672-1719. |
| 700 ## - ADDED ENTRY--PERSONAL NAME | |
| Personal name | Wake, Charles Staniland |
| Dates associated with a name | 1835-1910. |
| 700 ## - ADDED ENTRY--PERSONAL NAME | |
| Personal name | Wilde, Oscar |
| Dates associated with a name | 1854-1900. |
| 700 ## - ADDED ENTRY--PERSONAL NAME | |
| Personal name | Martin, Edward Sandford |
| Dates associated with a name | 1856-1939. |
| 700 ## - ADDED ENTRY--PERSONAL NAME | |
| Personal name | Howells, William Dean |
| Dates associated with a name | 1837-1920 |
| 700 ## - ADDED ENTRY--PERSONAL NAME | |
| Personal name | Twain, Mark |
| Dates associated with a name | 1835-1910. |
| 700 ## - ADDED ENTRY--PERSONAL NAME | |
| Personal name | Stevenson, Robert Louis |
| Dates associated with a name | 1850-1894. |
| 700 ## - ADDED ENTRY--PERSONAL NAME | |
| Personal name | Roosevelt, Theodore |
| Dates associated with a name | 1858-1919. |
| 700 ## - ADDED ENTRY--PERSONAL NAME | |
| Personal name | Freud, Sigmund |
| Dates associated with a name | 1856-1939 |
| 700 ## - ADDED ENTRY--PERSONAL NAME | |
| Personal name | Russel, Bertrand |
| Dates associated with a name | 1872-1970. |
| 700 ## - ADDED ENTRY--PERSONAL NAME | |
| Personal name | Morley, Christopher |
| Dates associated with a name | 1890-1957. |
| 700 ## - ADDED ENTRY--PERSONAL NAME | |
| Personal name | White, Stewart Edward |
| Dates associated with a name | 1873-1946. |
| 700 ## - ADDED ENTRY--PERSONAL NAME | |
| Personal name | Saintsbury, George |
| Dates associated with a name | 1845-1933. |
| 700 ## - ADDED ENTRY--PERSONAL NAME | |
| Personal name | Osler, William |
| Dates associated with a name | 1849-1919. |
| 700 ## - ADDED ENTRY--PERSONAL NAME | |
| Personal name | Chesterton, G K |
| Dates associated with a name | 1874-1936. |
| Fuller form of name | Gilbert Keith Chesterton |
| 700 ## - ADDED ENTRY--PERSONAL NAME | |
| Personal name | Tagore, Rabindranath |
| Dates associated with a name | 1861-1941. |
| 700 ## - ADDED ENTRY--PERSONAL NAME | |
| Personal name | Woolf, Virginia |
| Dates associated with a name | 1882-1941. |
| 700 ## - ADDED ENTRY--PERSONAL NAME | |
| Personal name | Orwell, George |
| Dates associated with a name | 1903-1950. |
| Fuller form of name | Eric Arthur Blair |
| 700 ## - ADDED ENTRY--PERSONAL NAME | |
| Personal name | Benson, Arthur |
| Dates associated with a name | 1862-1925. |
| Fuller form of name | Arthur Christopher Benson |
| 942 ## - ADDED ENTRY ELEMENTS (KOHA) | |
| Source of classification or shelving scheme | Dewey Decimal Classification |
| Koha item type | Books |
| Suppress in OPAC | No |
| Withdrawn status | Lost status | Source of classification or shelving scheme | Damaged status | Not for loan | Collection | Home library | Current library | Shelving location | Date acquired | Total Checkouts | Full call number | Barcode | Date last seen | Price effective from | Koha item type |
|---|---|---|---|---|---|---|---|---|---|---|---|---|---|---|---|
| Dewey Decimal Classification | Fiction | Footprints International School Library Network Toul Kork Campus | Footprints International School Library Network Toul Kork Campus | 09/07/2023 | PUS 808.82 PN6010-6790 | 2023-0521 | 09/07/2023 | 09/07/2023 | Books |
